Search the Library Catalogue
| 000 -LEADER | |
|---|---|
| fixed length control field | 01447nam a2200193 a 4500 |
| 008 - FIXED-LENGTH DATA ELEMENTS--GENERAL INFORMATION | |
| fixed length control field | 260204s2026##################000#0#eng## |
| 020 ## - INTERNATIONAL STANDARD BOOK NUMBER | |
| ISBN | 9780521627252 |
| Paper back/Hardbound | pbk |
| 041 ## - LANGUAGE CODE | |
| Language code of text/sound track or separate title | eng |
| 082 04 - DEWEY DECIMAL CLASSIFICATION NUMBER | |
| Classification number | 302.34 |
| Item number | BUK |
| 100 ## - MAIN ENTRY--AUTHOR NAME | |
| Personal name | Bukowski, William M |
| 245 10 - TITLE STATEMENT | |
| Title | The Company They Keep: Friendship in Childhood and Adolescence |
| Statement of responsibility, etc | /William M. Bukowski , Andrew F. Newcomb , Willard W. Hartup |
| 250 ## - EDITION STATEMENT | |
| Edition statement | Reprint |
| 260 ## - PUBLICATION, DISTRIBUTION, ETC. (IMPRINT) | |
| Name of publisher | Cambridge Univ Pr |
| Year of publication | 1998 |
| 300 ## - PHYSICAL DESCRIPTION | |
| Number of Pages | 426p,; |
| Dimensions | 20 cm. |
| 504 ## - BIBLIOGRAPHY, ETC. NOTE | |
| Bibliography, etc | Includes index |
| 520 ## - SUMMARY, ETC. | |
| Summary, etc | Friendship is one of life's most essential and rewarding forms of interaction--a feature of every culture that most persons experience daily. While most research efforts on friendship have concentrated on such issues as peer acceptance and dyadic properties, there has been little exploration of friendship's role in a child's social and emotional growth. The Company They Keep provides a forum in which a group of internationally recognized scholars presents the major conceptual issues, themes, goals, methodological strategies and findings from their research on friendship. Contributors explore a variety of topics, including cultural variations in childrens' and adolescents' friendships, the association between friendship and cognitive and personality development, the effect of friendship on adjustment, and the links between experience within the family and relationships with friends. |
| 942 ## - ADDED ENTRY ELEMENTS (KOHA) | |
| Koha item type | Reference |
| Withdrawn status | Lost status | Damaged status | Not for loan | Home library | Current library | Shelving location | Date acquired | Full call number | Accession Number | Price effective from | Koha item type |
|---|---|---|---|---|---|---|---|---|---|---|---|
| Anna Centenary Library | Anna Centenary Library | 3RD FLOOR, B WING | 04.02.2026 | 302.34 BUK | 195909 | 04.02.2026 | English Books |